LIBRARY & INFORMATION CENTRE, KCAET, TAVANUR

ONLINE PUBLIC ACCESS CATALOGUE (OPAC)

Applied Management for Agricultural Universities and Colleges Vol.1 (Record no. 19388)

MARC details
000 -LEADER
fixed length control field 00348nam a22001217a 4500
003 - CONTROL NUMBER IDENTIFIER
control field OSt
008 - FIXED-LENGTH DATA ELEMENTS--GENERAL INFORMATION
fixed length control field 250215b |||||||| |||| 00| 0 eng d
041 ## - LANGUAGE CODE
Language code of text/sound track or separate title eng
100 ## - MAIN ENTRY--AUTHOR NAME
Personal name Indian Management Academy
245 ## - TITLE STATEMENT
Title Applied Management for Agricultural Universities and Colleges Vol.1
260 ## - PUBLICATION, DISTRIBUTION, ETC. (IMPRINT)
Place of publication Lucknow:
Name of publisher Indian Management Academy,
942 ## - ADDED ENTRY ELEMENTS (KOHA)
Koha item type Books
Holdings
Withdrawn status Lost status Damaged status Home library Current library Date acquired Cost, normal purchase price Accession Number Koha item type Public note
      KAUAET KAUAET 15/02/2025 750.00 19854 Books No.AM-10315/Ag. u.c.-v-1 dated 30/08/98
free website counter